Responses for Show #510 - Friday, November 21, 1986

1986 Tournament of Champions final game 2.

Contestants

[<< previous game]

Marvin Shinkman, a stamp dealer from Sherman Oaks, California (subtotal of $1,600)

Chuck Forrest, a law student from Grand Blanc, Michigan (subtotal of $6,600)

Paul Rouffa, an actor from Forest Park, Illinois (subtotal of $4,000)

[next game >>]

Jeopardy! Round responses

THE SOLAR SYSTEM
WORD ORIGINS
UNREAL ESTATE
HEALTH & FITNESS
GIRLS IN SONG
THOSE DARN ETRUSCANS
    $100 3
Earth

Chuck
    $100 2
rhinestones

Paul
    $100 13
Dr. Dolittle

Chuck
    $100 22
Jane Fonda

Paul
    $100 18
Dinah

Marvin
    $100 1
divine the future

Marvin
    $200 5
Neptune

Chuck
    $200 12
canter

Chuck
    $200 16
Big Rock Candy Mountain

Paul
    $200 25
smoke

Chuck
    $200 23
Delta Dawn

Paul
    $200 4
Tuscany

Chuck
    $300 7
Sun

Chuck
    $300 14
mah-jong

Chuck
    $300 19
My Blue Heaven

Marvin
    $300 28
[The end-of-round signal sounds.]

their babies

Marvin
    $300 24
Rosemary

Chuck
    $300 6
mummy

Chuck
    $400 9
Jupiter

Paul
    $400 15
brogue

Chuck
    $400 20
Forest of Arden

Chuck
    $400 26
"Sherry" (or "Sheila")

Paul
    $400 8
Batman

Paul
    $500 10
comet

Marvin
    $500 17
lens

Paul
    $500 21
(Paul: What is purgatory?)

Hades

PaulMarvin
    $1,800 27
(Paul: [No response])

Nadine

Paul
    $500 11
(Chuck: Who is Dionysius?)
(Alex: Or Bacchus.)
[Originally ruled correct; reversed before Double Jeopardy!]

Dionysus

Chuck
Triple Stumper

Scores at the first commercial break (after clue 14):

Paul Chuck Marvin
$900 $1,200 $600

Scores at the end of the Jeopardy! Round:

Paul Chuck Marvin
$0 $2,500 $1,800

Double Jeopardy! Round responses

THE CIVIL WAR
PHILOSOPHY
'50s TV
BRITISH ROYALTY
STATE CAPITALS
FAMOUS WALTERS
    $200 3
(Paul: Who is Frederick Douglass?)

Dred Scott

PaulChuck
    $200 4
to repeat it

Marvin
    $200 16
millionaire

Chuck
    $200 12
Victoria

Chuck
    $200 14
Boise

Marvin
    $200 1
Walter Cronkite

Paul
    $400 5
Harriet Beecher Stowe

Chuck
    $400 7
Rene Descartes

Chuck
    $400 24
(Marvin: What is My Little Margie?)

Oh! Susanna

Marvin
Triple Stumper
    $400 22
Princess Diana

Chuck
    $400 15
(James W.) Denver

Paul
    $400 2
Walter Payton

Chuck
    $600 8
(Marvin: Who is John Tyler?)

Jefferson Davis

ChuckMarvin
    $600 18
knowledge (or wisdom)

Chuck
    $600 25
(Paul: Who is Buffalo Bill?)

Buffalo Bob

Paul
Triple Stumper
    $600 23
Banquo

Paul
    $600 17
Raleigh

Chuck
    $500 6
(Chuck: Who are Walter Alston and Walter Brennan?)

Walter Alston and Walter O'Malley

Chuck
    $800 11
(William Lloyd) Garrison

Chuck
    $800 19
logic

Triple Stumper
    $800 26
(Chuck: What is What's My Line?)

I've Got a Secret

Chuck
Triple Stumper
    $100 28
(Paul: Who is Prince Philip?)

King George VI

Paul
    $800 20
(Marvin: What is Salem?)

Olympia

ChuckMarvin
    $800 9
Vernon Walters

Paul
    $1000 13
(Charles) Sumner

Chuck
    $1000 27
Durward Kirby

Paul
    $1000 29
(Paul: Who is Richard III?)
...
[The end-of-round signal sounds.]

Henry II

Paul
Triple Stumper
    $1000 21
Albany, New York

Triple Stumper
    $1000 10
Walter Ulbricht

Marvin

Scores at the end of the Double Jeopardy! Round:

Paul Chuck Marvin
$1,100 $7,800 $1,400
(lock tournament)

[wagering suggestions for these scores]

Final Jeopardy! Round responses

U.S. GOVERNMENT
PaulWhat is 1947?
$1,100
MarvinWhat is 1948?
$0
ChuckWhen was 1964?
$200
1964

Final scores:

Paul Chuck Marvin
$0 $8,000 $1,400

Cumulative scores:

Paul Chuck Marvin
$4,000 $14,600 $3,000
1st runner-up: $5,000 Tournament champion: $100,000 2nd runner-up: $5,000

Game dynamics:

Coryat scores:

Paul Chuck Marvin
$3,000 $8,300 $1,400
13 R,
6 W
(including 2 DDs)
25 R,
3 W
(including 1 DD)
9 R,
3 W

Combined Coryat: $12,700

[game clues] [game scores] [suggest correction]

Game tape date: 1986-10-29
The J! Archive is created by fans, for fans. Scraping, republication, monetization, and malicious use prohibited; this site may use cookies and collect identifying information. See terms. The Jeopardy! game show and all elements thereof, including but not limited to copyright and trademark thereto, are the property of Jeopardy Productions, Inc. and are protected under law. This website is not affiliated with, sponsored by, or operated by Jeopardy Productions, Inc. Join the discussion at JBoard.tv.